| 000 | 00644nam a2200217 a 4500 | ||
|---|---|---|---|
| 001 | 12279 | ||
| 003 | CO-ViMGA | ||
| 008 | 141112s2004 ck r 000 u spa d | ||
| 020 | _a8448117093 | ||
| 040 |
_aCO-ViMGA _bspa _cCO-ViMGA |
||
| 082 | 0 | 4 | _a658.15 M155c |
| 100 | 1 |
_aMallo, Carlos;; Merlo, Jose _917496 |
|
| 245 | 1 | 0 | _aControl de gestion y control presupuestario |
| 250 | _aMadrid : MacGraw Hill InterAméricana, 1999 | ||
| 300 | _axxiii, 414 p., diagrs. | ||
| 650 | 1 | 4 |
_aADMINISTRACION DE EMPRESAS _92735 |
| 650 | 1 | 4 | _aBENCHMARKING |
| 650 | 1 | 4 |
_aCONTROL PRESUPUESTARIO _917497 |
| 650 | 1 | 4 |
_aGESTION DE NEGOCIOS _917498 |
| 942 |
_2ddc _cBK |
||
| 999 |
_c23291 _d23291 |
||